| 000 | 05173ncm0a2200469 4500 | ||
|---|---|---|---|
| 001 | RU\NLR\ONIZ\218889 | ||
| 005 | 20250626062721.0 | ||
| 013 | _a979-0-66002-209-2 | ||
| 035 | _a(NLR Aleph) 011415375 | ||
| 071 | 2 | 0 | _aс 2209 к |
| 090 |
_a11581773 _c11581773 |
||
| 100 | _a20170623d1995 |||y0rusy50 ca | ||
| 101 | 0 |
_aeng _arus |
|
| 102 | _aRU | ||
| 125 | _acb | ||
| 145 | 0 | _ab | |
| 200 | 1 |
_aПьесы для виолончели и фортепиано _bНоты _dPieces for violoncello and piano _hВып. 1 _iГлинка, Давыдов, Рахманинов, Аренский _fсост. и ред. А. А. Лазько _zeng |
|
| 208 | _a[Партитура, партия] | ||
| 210 |
_aСанкт-Петербург _cКомпозитор-Санкт-Петербург _d1995 |
||
| 215 |
_a47 с., 1 парт. (20 с.) _cил. _d30 см |
||
| 225 | 1 | _aЗолотой репертуар виолончелиста | |
| 313 | _aСистематизация документа проведена по изданию - Методика классифицирования музыкальных произведений (нотных изданий) по таблицам Библиотечно-библиографических классификаций : метод. рекомендации / Гос. б-ка СССР им. В.И. Ленина.- М., 1977. Индексу ББК методических рекомендаций присваивается код ББК для научных библиотек - LBC/SL | ||
| 327 | 1 |
_a1. Романс без слов : соч. 23 / К. Давыдов ; _a2. У фонтана : соч. 20 № 2 / К. Давыдов. _a3. Ноктюрн : ("Разлука") / М. Глинка ; транскр. А. Власова. _a4. Вокализ : соч. 34 № 14 / С. Рахманинов ; транскр. А. Штримера ; _a5. Восточный танец : соч. 2 № 2 / С. Рахманинов. _a6. Танец каприччиозо : соч. 12 № 2 / А. Аренский |
|
| 464 | 0 |
_12001#$aРоманс без слов$eсоч. 23$fК. Давыдов _1215##$aС.3-7 _1700#1$9z01790$aДавыдов$bК. Ю.$gКарл Юльевич$f1838-1889$4230$7ca _1790#1$9z01700$aDavydov$bK. J.$gKarl Jul`evič$f1838-1889$4230$7ba _tРоманс без слов _aДавыдов, Карл Юльевич (1838-1889) |
|
| 464 | 0 |
_12001#$aУ фонтана$eсоч. 20 № 2$fК. Давыдов _1215##$aС.8-19 _1700#1$9z01790$aДавыдов$bК. Ю.$gКарл Юльевич$f1838-1889$4230$7ca _1790#1$9z01700$aDavydov$bK. J.$gKarl Jul`evič$f1838-1889$4230$7ba _tУ фонтана _aДавыдов, Карл Юльевич (1838-1889) |
|
| 464 | 0 |
_12001#$aНоктюрн$e("Разлука")$fМ. Глинка$gтранскр. А. Власова _1215##$aС.20-25 _1700#1$9z01790$aГлинка$bМ. И.$gМихаил Иванович$f1804-1857$4230$7ca _1702#1$9z02790$aВласов$bА. К.$gАлександр Кондратьевич$f1911-1986$4030$7ca _1790#1$9z01700$aGlinka$bM.$gMichael$f1804-1857$4230$7ba _1790#1$9z02702$aVlasov$bA. K.$gAleksandr Kondrat`evič$f1911-1986$4030$7ba _tНоктюрн _aГлинка, Михаил Иванович (1804-1857) |
|
| 464 | 0 |
_12001#$aВокализ$eсоч. 34 № 14$fС. Рахманинов$gтранскр. А. Штримера _1215##$aС.26-30 _1700#1$9z01790$aРахманинов$bС. В.$gСергей Васильевич$f1873-1943$4230$7ca _1702#1$9z02790$aШтример$bА. Я.$gАлександр Яковлевич$f1888-1961$4030$7ca _1790#1$9z01700$aRachmaninov$bS. V.$gSergej Vasil`evič$f1873-1943$4230$7ba _1790#1$9z02702$aStrimer$bA.$gAleksandr$f1888-1961$4030$7ba _tВокализ _aРахманинов, Сергей Васильевич (1873-1943) |
|
| 464 | 0 |
_12001#$aВосточный танец$eсоч. 2 № 2$fС. Рахманинов _1215##$aС.31-37 _1700#1$9z01790$aРахманинов$bС. В.$gСергей Васильевич$f1873-1943$4230$7ca _1790#1$9z01700$aRachmaninov$bS. V.$gSergej Vasil`evič$f1873-1943$4230$7ba _tВосточный танец _aРахманинов, Сергей Васильевич (1873-1943) |
|
| 464 | 0 |
_12001#$aТанец каприччиозо$eсоч. 12 № 2$fА. Аренский _1215##$aС.38-47 _1700#1$9z01790$aАренский$bА. С.$gАнтон Степанович$f1861-1906$4230$7ca _1790#1$9z01700$aArenskij$bA. S.$gAnton Stepanovich$f1861-1906$4230$7ba _tТанец каприччиозо _aАренский, Антон Степанович (1861-1906) |
|
| 606 | 1 |
_aПьесы для виолончели и фортепиано _yРоссия _z19-20 вв. _jНоты _2nlr_sh |
|
| 686 |
_aЩ955.6-42-058я43(28) _vLBC/SL _2rubbk |
||
| 686 |
_aЩ955.692я43(28) _vLBC/SL _2rubbk |
||
| 700 | 1 |
_9z06790 _aЛазько _bА. А. _cсост. _f1925-2016 _gАлексей Алексеевич _4220 _7ca |
|
| 790 | 1 |
_9z06700 _aLaz`ko _bA. _f1925- _gAleksej _4220 _7ba |
|
| 801 | 0 |
_aRU _bNLR _c20170623 _gPSBO |
|
| 801 | 1 |
_aRU _bNLR _c20170623 _2rusmarc |
|
| 801 | 2 |
_aRU _bNLR _c20171214 |
|
| 852 |
_aNLR _bМ _jК-3/28426 _p259151 _t1 |
||
| 942 | _cSCORE | ||
| 980 | _aNB | ||
| 980 | _aONIZ | ||